Aktivity nákupcu v rozvoji interpodnikových vzťahov na trhu výrobnej sféry

Transformácie nákupu - nákup ako činiteľ znižovania nákladov a zvyšovania kvality, nákup ako činiteľ komercializácie produktov. Projekty v oblasti nákupu. Vzťahy s dodávateľmi. Riziká súvisiace so spoluprácou zákazník - dodávateľ.

Guardado en:
Detalles Bibliográficos
Autor principal: Kita, Jaroslav
Formato: Capítulo de libro
Lenguaje:eslovaco
Materias:
Etiquetas: Agregar Etiqueta
Sin Etiquetas, Sea el primero en etiquetar este registro!

MARC

LEADER 00000naa$a2200000$$$4500
001 0023971
005 20240502071418.9
041 0 |a slo 
044 |a SK 
245 1 0 |a Aktivity nákupcu v rozvoji interpodnikových vzťahov na trhu výrobnej sféry  |c Jaroslav Kita 
520 |a Transformácie nákupu - nákup ako činiteľ znižovania nákladov a zvyšovania kvality, nákup ako činiteľ komercializácie produktov. Projekty v oblasti nákupu. Vzťahy s dodávateľmi. Riziká súvisiace so spoluprácou zákazník - dodávateľ. 
610 2 0 |a nákup 
610 2 0 |a marketing 
610 2 0 |a výrobky nové 
610 2 0 |a riziko 
610 2 0 |a vzťahy obchodné 
610 2 0 |a zákazníci 
610 2 0 |a dodávatelia 
610 2 0 |a projekty 
100 1 |a Kita, Jaroslav